Buchstaben nach Bilder - Statistiken

Allgemein
  • Dieses Quiz wurde 581 mal gespielt
  • Das Durchschnittsergebnis liegt bei 5 aus 16
Antwortstatistiken
Bildquiz Antwort % Korrekt
C (Cola)
100%
N (Norwegen)
92%
W (Wasser)
90%
H (Hund)
88%
R (Russland)
43%
G (Griechenland)
27%
X (Xavi Simons)
25%
S (Südafrika)
21%
E (Einhorn)
13%
K (Kuh)
9%
U (UBS)
9%
B (Baum)
5%
O (Otto Waalkes)
1%
V (Vogel)
1%
A (Ananas)
0%
D (Detroit)
0%
Keine übereinstimmenden Quizze gefunden
Verteilung der Resultate
Anzahl Personen mit jedem Resultat
Perzentil nach korrekt beantworteten Fragen
Ihre Resultats-Entwicklung
Sie haben dieses Quiz noch nicht gespielt